00390nam a2200145Ia 4500008004100000020002700041040001900068041001200087082002900099245003700128260003900165300001000204650000800214850002200222131103s9999 xx 000 0 und d a81-230-0421-4cRs. 150 aLoreto College aEnglish a954/IND/REFbLCBED/13276 a1857b A pictorial presentation  aDelhibPublications Divisionc1957 a20cm. aREF aLCBED/954/IND/REF